1395 1711 1541 1994 1624 1892 1792 1688 1470 1282 1630 1268 1105 1260 1454 1930 1224 1436 1313 1386 1172 1229 1010 1011 1791 1064 1888 1961 1756 1717 1244 1059 1286 1233 1925 1537 1898 1061 1684 1388 1365 1895 1786 1246 1076 1751 1609 1790 1305 1496 1644 1327 1800 1450 1461 1958 1291 1079 1708 1617 1288 1105 1177 1794 1920 1713 1321 1104 1428 1604 1393 1716 1414 1761 1120 1906 1746 1307 1908 1405 1389 1390 1157 1832 1049 1475 1998 1127 1986 1533 1266 1515 1450 1935 1923 1185 1457 1023 1069 BCNSPRNW ULIB Ver.6.0+V

เปลี่ยนเป็นภาษาไทย

Change to English
 แสดงรายละเอียดบรรณานุกรม
  กลับหน้าหลัก

Brief Record : Get Marc (ISO 2709) : E-mail record : QR code < ปิดหน้าต่าง
LEADER : 00000nam 2200000uu 4500
001    13399111524
003     ULIB
008    110628s||||||||th 000 0 tha d
020    9748815064
020    9789748815060
050  4 BQ4570^bท237ต 2550
100 0  ทศพร ศรีคำ กลมเกลียว
245 10 ต้นบุญ/^cทศพร ศรีคำ กลมเกลียว
250    พิมพ์ครั้งที่ 2
260    กรุงเทพฯ :^bต้นบุญ,^c 2550
300    174 หน้า^bภาพประกอบ
650  7 บุญ
650  7 พุทธศาสนา
650  7 ความเชื่อ
945    ^p140^l0^i025105
995    ทศพร
999 ^a ใช้งานได้ทุกระบบ
รายการนี้ยังไม่มีแท็ก
คุณยังไม่ได้ล็อกอิน คุณสามารถมีกิจกรรมร่วมกับเว็บไซต์ได้ แต่ต้องล็อกอินก่อน ::
  ล็อกอิน

รายการสื่อสารสนเทศ

ลำดับที่ ประเภท เลขเรียก/บาร์โค้ด สถานที่ สถานะ
- ไม่พบข้อมูล -

รายการใกล้เคียง
    หัวเรื่อง [บุญ]
    หัวเรื่อง [พุทธศาสนา]
    หัวเรื่อง [ความเชื่อ]

BibComment


ยังไม่เคยถูกคอมเมนท์

คอมเมนท์ทรัพยากรรายการนี้
  คอมเมนท์: ต้นบุญ ทศพร ศรีคำ..


 Copyright 2026. Bcnsprnw @Library